000 00587cam a22002291 4500
001 sa 67005071
003 DLC
005 20260227112353.0
008 890602s1965 ii 000 1 hino
010 _asa 67005071
035 _a(OCoLC)19807851
040 _aDLC
_cWaU
_dDLC
042 _apremarc
043 _aa-ir---
050 0 0 _aPK2098.V4
_bT8
100 1 _aVarmā, Vr̥ndāvanalāla,
_d1890-1969.
245 1 0 _aTūṭe kāṇṭe.
260 _c[1965]
300 _a7, 390 p.
_c20 cm.
500 _aIn Hindi.
600 0 0 _aNādir Shāh,
_cShah of Iran,
_d1688-1747
_vFiction.
999 _c74946
_d74946